000 00320nam a2200121Ia 4500
008 191201s2017 xx 000 0 und d
100 _aKEVAL, Krishan
245 0 _aMaithilisharan Gupt ki Shabd Sondarya
260 _aN. Delhi
_bHaryana Granth Academy
_c2017
300 _a184
650 _aGeneral Books
942 _2ddc
_cBK
999 _c6714
_d6714